Trestnoprávne aspekty poisťovacích podvodov

Skutková podstata trestného činu poisťovacieho podvodu je zakotvená v paragrafe 223 Trestného zákona, IV. hlava, osobitná časť upravujúca trestné činy proti majetku. Záväzné stanovisko generálneho prokurátora SR k uplatňovaniu nárokov na náhradu škody poisťovňami v prípravnom konaní.

Guardado en:
Detalles Bibliográficos
Autor principal: Šanta, Ján
Formato: Capítulo de libro
Lenguaje:eslovaco
Materias:
Etiquetas: Agregar Etiqueta
Sin Etiquetas, Sea el primero en etiquetar este registro!

MARC

LEADER 00000naa a2200000 4500
001 0134602
005 20221107085127.2
041 0 |a slo 
044 |a SK 
245 1 0 |a Trestnoprávne aspekty poisťovacích podvodov  |c Ján Šanta 
520 |a Skutková podstata trestného činu poisťovacieho podvodu je zakotvená v paragrafe 223 Trestného zákona, IV. hlava, osobitná časť upravujúca trestné činy proti majetku. Záväzné stanovisko generálneho prokurátora SR k uplatňovaniu nárokov na náhradu škody poisťovňami v prípravnom konaní. 
610 2 0 |a poisťovne 
610 2 0 |a poisťovníctvo 
610 2 0 |a zmluvy poistné 
610 2 0 |a plnenie poistné 
610 2 0 |a náhrada škody 
610 2 0 |a podvody poisťovacie 
610 2 0 |a činnosť trestná 
610 2 0 |a kriminalita 
610 2 0 |a právo trestné 
100 1 |a Šanta, Ján